Bureaucracy and decentralisation (Record no. 516091)

000 -LEADER
fixed length control field 00359nam a22001217a 4500
082 ## - DEWEY DECIMAL CLASSIFICATION NUMBER
Classification number TNC K12x54 Sh23
100 ## - MAIN ENTRY--PERSONAL NAME
Personal name Sharma, Arvind K.
9 (RLIN) 22455
245 ## - TITLE STATEMENT
Title Bureaucracy and decentralisation
Statement of responsibility, etc Arvind K. Sharma
260 ## - PUBLICATION, DISTRIBUTION, ETC. (IMPRINT)
Place of publication, distribution, etc New Delhi
Name of publisher, distributor, etc Mittal
Date of publication, distribution, etc 2004
300 ## - PHYSICAL DESCRIPTION
Extent 134p.
650 ## - SUBJECT ADDED ENTRY--TOPICAL TERM
Topical term or geographic name as entry element Decentralization in government - India
9 (RLIN) 24688
650 ## - SUBJECT ADDED ENTRY--TOPICAL TERM
Topical term or geographic name as entry element Bureaucracy
9 (RLIN) 24689
Holdings
Withdrawn status Lost status Source of classification or shelving scheme Damaged status Koha normalized classification for sorting Not for loan Permanent location Current location Date acquired Full call number Barcode Date last seen Price effective from Koha item type
        TNC_K12X54_SH23   Indian Institute of Public Administration Indian Institute of Public Administration 2021-02-17 TNC K12x54 Sh23 GR22943 2021-02-17 2021-02-17 GR

Powered by Koha